Stará škola Lúky
Salvato in:
| Autore principale: | |
|---|---|
| Altri autori: | |
| Natura: | Manoscritto Libro |
| Lingua: | slovacco |
| Pubblicazione: |
2025
|
| Soggetti: | |
| Accesso online: | http://is.stuba.sk/zp/portal_zp.pl?podrobnosti=167591 CRZP |
| Tags: |
Nessun Tag, puoi essere il primo ad aggiungerne!!
|
MARC
| LEADER | 00000ntm a22000003a 4500 | ||
|---|---|---|---|
| 001 | stuzp103823 | ||
| 003 | SK-STU | ||
| 005 | 20250801124021.7 | ||
| 007 | ta | ||
| 008 | 150427s2015----xo-----f-mn---000-0-slo-d | ||
| 040 | |a STU |b slo | ||
| 041 | 0 | |a slo | |
| 100 | 1 | |a Zacharová, Monika |u 010310 |4 aut |U SvF Stavebná fakulta |T SvF Katedra architektúry |X 114973 |U V181|V310 |Y 19 |7 114973 | |
| 242 | 0 | 1 | |a Old School Lúky |y eng |
| 245 | 1 | 0 | |a Stará škola Lúky |
| 260 | |c 2025 | ||
| 650 | 4 | |a muštáreň |2 slo | |
| 650 | 4 | |a reverzibilita |2 slo | |
| 650 | 4 | |a obnova školy |2 slo | |
| 650 | 4 | |a cider house |2 eng | |
| 650 | 4 | |a reversibility |2 eng | |
| 650 | 4 | |a school renovation |2 eng | |
| 700 | 1 | |a Nádaská, Zuzana |u 010310 |k Z1 |4 ths |U SvF Stavebná fakulta |T SvF Katedra architektúry |X 790 |U V181|V310 |Y 19 |7 A000000790 | |
| 856 | 4 | |u http://is.stuba.sk/zp/portal_zp.pl?podrobnosti=167591 | |
| 856 | 4 | |u https://opac.crzp.sk/?fn=detailBiblioForm&sid=4013D2F8FE5692F45DCF214F6B33 |z CRZP | |